000 00285nam a22001337a 4500
008 170309b xxu||||| |||| 00| 0 eng d
020 _a9780321778833
041 _aeng
080 _25
_aED
100 _a6
101 _aSHM
245 _aHUMAN PHYSIOLOGY
_cJOHSON.B.R
942 _2udc
_cBK
999 _c7270
_d7270